<?xml version="1.0" encoding="UTF-8"?>
<record
    xmlns:xsi="http://www.w3.org/2001/XMLSchema-instance"
    xsi:schemaLocation="http://www.loc.gov/MARC21/slim http://www.loc.gov/standards/marcxml/schema/MARC21slim.xsd"
    xmlns="http://www.loc.gov/MARC21/slim">

  <leader>01343nam a22002537a 4500</leader>
  <controlfield tag="005">20080814155123.0</controlfield>
  <controlfield tag="008">080814t        xxu||||| |||| 00| 0 hin d</controlfield>
  <datafield tag="010" ind1=" " ind2=" ">
    <subfield code="a">HIN-83934</subfield>
  </datafield>
  <datafield tag="020" ind1=" " ind2=" ">
    <subfield code="c">200.00</subfield>
    <subfield code="a">8576512x</subfield>
  </datafield>
  <datafield tag="035" ind1=" " ind2=" ">
    <subfield code="a">HN-56280</subfield>
  </datafield>
  <datafield tag="037" ind1=" " ind2=" ">
    <subfield code="b">DBAD / PUB</subfield>
  </datafield>
  <datafield tag="040" ind1=" " ind2=" ">
    <subfield code="a">DPL</subfield>
    <subfield code="b">HN</subfield>
  </datafield>
  <datafield tag="082" ind1=" " ind2=" ">
    <subfield code="a">370.1</subfield>
  </datafield>
  <datafield tag="100" ind1=" " ind2=" ">
    <subfield code="a">&#x938;&#x902;&#x91C;&#x92F; &#x915;&#x941;&#x92E;&#x93E;&#x930; &#x938;&#x93F;&#x902;&#x939;</subfield>
  </datafield>
  <datafield tag="245" ind1=" " ind2=" ">
    <subfield code="a">&#x92A;&#x94D;&#x930;&#x93E;&#x91A;&#x940;&#x928; &#x92D;&#x93E;&#x930;&#x924;&#x940;&#x92F; &#x936;&#x93F;&#x915;&#x94D;&#x937;&#x93E; &#x92A;&#x926;&#x94D;&#x927;&#x924;&#x93F;&#x903;</subfield>
    <subfield code="c">&#x938;&#x902;&#x91C;&#x92F; &#x915;&#x941;&#x92E;&#x93E;&#x930; &#x938;&#x93F;&#x902;&#x939;</subfield>
    <subfield code="b">(&#x92A;&#x94D;&#x930;&#x93E;&#x930;&#x92E;&#x94D;&#x92D; &#x938;&#x947; &#x932;&#x917;&#x92D;&#x917; &#x91B;&#x920;&#x940;&#x902; &#x936;&#x924;&#x93E;&#x92C;&#x94D;&#x926;&#x940; &#x924;&#x915;) /</subfield>
  </datafield>
  <datafield tag="246" ind1=" " ind2=" ">
    <subfield code="a">Prachin Bhartiya shiksha paddhati</subfield>
    <subfield code="b">by Sanjay Kumar Singh</subfield>
  </datafield>
  <datafield tag="260" ind1=" " ind2=" ">
    <subfield code="a">&#x907;&#x932;&#x93E;&#x939;&#x93E;&#x92C;&#x93E;&#x926;</subfield>
    <subfield code="b">&#x938;&#x91A;&#x93F;&#x935; &#x939;&#x93F;&#x928;&#x94D;&#x926;&#x941;&#x938;&#x94D;&#x924;&#x93E;&#x928;&#x940; &#x90F;&#x915;&#x947;&#x921;&#x947;&#x92E;&#x940;</subfield>
    <subfield code="c">2006</subfield>
  </datafield>
  <datafield tag="270" ind1=" " ind2=" ">
    <subfield code="a">12 &#x921;&#x940;. &#x915;&#x92E;&#x932;&#x93E; &#x928;&#x947;&#x939;&#x930;&#x942; &#x930;&#x94B;&#x921;</subfield>
    <subfield code="b">&#x907;&#x932;&#x93E;&#x939;&#x93E;&#x92C;&#x93E;&#x926;</subfield>
    <subfield code="e">211001</subfield>
  </datafield>
  <datafield tag="300" ind1=" " ind2=" ">
    <subfield code="a">335&#x92A;&#x943;.</subfield>
    <subfield code="c">22&#x938;&#x947;&#x92E;&#x940; (&#x905;&#x91C;&#x93F;&#x932;&#x94D;&#x926;)</subfield>
  </datafield>
  <datafield tag="650" ind1=" " ind2=" ">
    <subfield code="a">&#x936;&#x93F;&#x915;&#x94D;&#x937;&#x93E; </subfield>
    <subfield code="z">&#x92D;&#x93E;&#x930;&#x924;</subfield>
    <subfield code="x">&#x92A;&#x94D;&#x930;&#x93E;&#x91A;&#x940;&#x928; </subfield>
  </datafield>
  <datafield tag="650" ind1=" " ind2=" ">
    <subfield code="a">Education </subfield>
    <subfield code="z">India</subfield>
    <subfield code="x">Ancient </subfield>
  </datafield>
  <datafield tag="942" ind1=" " ind2=" ">
    <subfield code="2">ddc</subfield>
    <subfield code="c">HN</subfield>
    <subfield code="h">370.1</subfield>
    <subfield code="m">&#x938;&#x902;&#x91C;&#x92F;</subfield>
  </datafield>
  <datafield tag="999" ind1=" " ind2=" ">
    <subfield code="c">14868</subfield>
    <subfield code="d">14868</subfield>
  </datafield>
  <datafield tag="952" ind1=" " ind2=" ">
    <subfield code="0">0</subfield>
    <subfield code="1">0</subfield>
    <subfield code="4">0</subfield>
    <subfield code="7">1</subfield>
    <subfield code="8">NFIC</subfield>
    <subfield code="a">DBAD</subfield>
    <subfield code="b">DBAD</subfield>
    <subfield code="d">2008-08-18</subfield>
    <subfield code="g">200.00</subfield>
    <subfield code="l">0</subfield>
    <subfield code="o">370.1 &#xC3;&#x83;&#xC2;&#xA0;&#xC3;&#x82;&#xC2;&#xA4;&#xC3;&#x82;&#xC2;&#xB8;&#xC3;&#x83;&#xC2;&#xA0;&#xC3;&#x82;&#xC2;&#xA4;&#xC3;&#x82;&#xC2;&#x82;</subfield>
    <subfield code="p">HN-56280</subfield>
    <subfield code="r">2008-09-15 00:00:00</subfield>
    <subfield code="t">1</subfield>
    <subfield code="v">200.00</subfield>
    <subfield code="w">2008-09-15</subfield>
    <subfield code="y">HN</subfield>
  </datafield>
</record>
